00492nam a2200181 a 4500001001300000003000900013005001700022008004100039020002300080082002200103100002400125245004500149260003000194300000900224500003500233650001800268700002400286nice12345678IN_TiNIC20260116014328.0090120s2008 dela grp 000 0 eng  a9788190618625c25000aB305.6297054bBAN aBanjerjee, Mukulika aMuslim Portraits Everyday Lives in India aDelhi bYoda Press c2008 a142p aincludes index and biblioraphy aMuslims-India1 aBanjerjee, Mukulika